00932nam a2200205Ia 4500008004100000020001800041050001400059100003200073245010500105250000900210260002400219300001800243650003700261700010000298942001400398952009100412952010300503952010300606999001700709120626s9999 xx 000 0 und d a970-07-5556-8 aHF1281 M3 aMANTILLA MOLINA, Roberto L. aDerecho Mercantil : Introducción y conceptos fundamentales sociedades / Roberto L. Mantilla Molina a29a. aMéxico : Porrúa aXXXV, 548 p. a1. DERECHO MERCANTIL -- MÉXICO aI. Abascal Zamora, José María, ed. rev. 2. Mantilla Caballero, Roberto L. , ed. rev.Ì 2ddccHMAN 00104070a09b09d2007-01-23l0oHF1281 M3p09 000258r2012-06-26t1w2012-06-26yLB 00104070a09b09d2007-03-14l6oHF1281 M3p09 001475r2020-02-26s2020-02-26t2w2012-06-26yLB 00104070a09b09d2009-09-11l6oHF1281 M3p09 003131r2016-01-28s2016-01-28t3w2012-06-26yLB c63595d63595